000 00462nam a2200133 4500
008 240209b |||||||| |||| 00| 0 eng d
020 _a0070308217
100 _92446
_aHuckin, Thomas N.
245 _6
_aEnglish for science and technology : a handbook for nonnative speakers
_c/ by Thomas N. Huckin and Leslie A. Olsen
250 _aInternational edition
260 _aNew York :
_bMcGraw-Hill,
_c1983
300 _a xvii, 549 pages : illustration
942 _2lcc
999 _c84739
_d84739